| 000 | 004960000a22001810004500 | ||
|---|---|---|---|
| 041 | 0 | _aENG | |
| 082 | 0 | 4 | _aG 232.96 K945s |
| 100 | 1 | _aKrummacher, F. W. (Friedrich Wilhelm) (1796-1868) | |
| 245 | 1 | 0 | _aThe suffering saviour / F. W. Krummacher |
| 260 | _aChicago, USA : Moody | ||
| 300 | _a444 Pag | ||
| 650 | 1 | 4 | _aPASION DE JESUS - MEDITACIONES |
| 001 | 4075 | ||
| 942 | _cBK | ||
| 999 |
_c34690 _d34690 |
||
| 336 |
_atexto _btxt _2rdacontent |
||
| 337 |
_2rdamedia _asin mediación _bn |
||
| 338 |
_2rdacarrier _avolumen _bnc |
||